The great political theories / (Record no. 1088)
[ view plain ]
| 000 -LEADER | |
|---|---|
| fixed length control field | 01327cam a2200361 a 4500 |
| 001 - CONTROL NUMBER | |
| control field | 3718983 |
| 003 - CONTROL NUMBER IDENTIFIER | |
| control field | OSt |
| 005 - DATE AND TIME OF LATEST TRANSACTION | |
| control field | 20151026150518.0 |
| 008 - FIXED-LENGTH DATA ELEMENTS--GENERAL INFORMATION | |
| fixed length control field | 811106s1981 nyu b 001 0 eng |
| 010 ## - LIBRARY OF CONGRESS CONTROL NUMBER | |
| LC control number | 80070020 |
| 020 ## - INTERNATIONAL STANDARD BOOK NUMBER | |
| International Standard Book Number | 0380007851 (pbk. : v. 1) : |
| Terms of availability | $3.95 |
| 020 ## - INTERNATIONAL STANDARD BOOK NUMBER | |
| International Standard Book Number | 0380012359 (pbk. : v. 2) : |
| Terms of availability | $3.95 |
| 040 ## - CATALOGING SOURCE | |
| Original cataloging agency | DLC |
| Transcribing agency | DLC |
| Modifying agency | DLC |
| -- | OCoLC |
| -- | DLC |
| 050 00 - LIBRARY OF CONGRESS CALL NUMBER | |
| Classification number | JA36 |
| Item number | .G69 1981 |
| 082 00 - DEWEY DECIMAL CLASSIFICATION NUMBER | |
| Classification number | IB 320.01 |
| Item number | G79 1981 |
| 100 ## - MAIN ENTRY--PERSONAL NAME | |
| Personal name | Curtis, Michael |
| 245 04 - TITLE STATEMENT | |
| Title | The great political theories / |
| Statement of responsibility, etc | edited, with introduction and commentary, |
| Remainder of title | Michael Curtis. |
| 250 ## - EDITION STATEMENT | |
| Edition statement | New, expanded ed. |
| 260 ## - PUBLICATION, DISTRIBUTION, ETC. (IMPRINT) | |
| Place of publication, distribution, etc | New York, N.Y. : |
| Name of publisher, distributor, etc | Avon Books, |
| Date of publication, distribution, etc | c1981. |
| 300 ## - PHYSICAL DESCRIPTION | |
| Extent | 2 v. : |
| Dimensions | 18 cm. |
| 500 ## - GENERAL NOTE | |
| General note | "A Discus book." |
| 500 ## - GENERAL NOTE | |
| General note | Previous ed. cataloged under: Curtis, Michael, 1923- ed. |
| 504 ## - BIBLIOGRAPHY, ETC. NOTE | |
| Bibliography, etc | Includes bibliographies and indexes. |
| 505 0# - FORMATTED CONTENTS NOTE | |
| Formatted contents note | v. 1. From Plato and Artistotle to Locke and Montesquieu -- v. 2. From Burke, Rousseau, and Kant to modern times. |
| 562 ## - COPY AND VERSION IDENTIFICATION NOTE | |
| Number of copies | For circulation. 2 copies available in the collection |
| 650 #0 - SUBJECT ADDED ENTRY--TOPICAL TERM | |
| Topical term or geographic name as entry element | Political science. |
| 700 1# - ADDED ENTRY--PERSONAL NAME | |
| Personal name | Curtis, Michael, |
| Dates associated with a name | 1923- |
| 856 42 - ELECTRONIC LOCATION AND ACCESS | |
| Materials specified | Publisher description |
| Uniform Resource Identifier | <a href="http://www.loc.gov/catdir/description/hc044/80070020.html">http://www.loc.gov/catdir/description/hc044/80070020.html</a> |
| 906 ## - LOCAL DATA ELEMENT F, LDF (RLIN) | |
| a | 7 |
| b | cbc |
| c | orignew |
| d | 2 |
| e | opcn |
| f | 19 |
| g | y-gencatlg |
| 942 ## - ADDED ENTRY ELEMENTS (KOHA) | |
| Source of classification or shelving scheme | Library of Congress Classification |
| Koha item type | Books |
| Withdrawn status | Lost status | Source of classification or shelving scheme | Damaged status | Home library | Current library | Shelving location | Date acquired | Total Checkouts | Full call number | Barcode | Date last seen | Copy number | Price effective from | Koha item type |
|---|---|---|---|---|---|---|---|---|---|---|---|---|---|---|
| Library of Congress Classification | Luxembourg Library | Luxembourg Library | International Baccalaureate Section | 04/16/2012 | JA 36 .G69 1981 v.1 | 13558 | 08/13/2013 | 1 | 10/03/2013 | Books | ||||
| Library of Congress Classification | Luxembourg Library | Luxembourg Library | International Baccalaureate Section | 06/20/2013 | JA 36 .G69 1981 v.2 | 13559 | 05/25/2015 | 1 | 10/03/2013 | Books |